Merrills’ International Dispute Settlement
Gespeichert in:
| 1. Verfasser: | |
|---|---|
| Weitere Verfasser: | |
| Format: | Buch |
| Sprache: | Englisch |
| Veröffentlicht: |
Cambridge
Cambridge University Press
2022
|
| Ausgabe: | 7th Edition |
| Schlagworte: | |
| Tags: |
Keine Tags, Fügen Sie das erste Tag hinzu!
|
MARC
| LEADER | 00000nam a2200000 4500 | ||
|---|---|---|---|
| 001 | 0288949 | ||
| 005 | 20230118123830.6 | ||
| 020 | |a 978-1-108-83681-4 | ||
| 020 | |a 978-1-108-81922-0 | ||
| 041 | 0 | |a eng | |
| 044 | |a GB | ||
| 245 | 1 | 0 | |a Merrills’ International Dispute Settlement |c John Merrills, Eric De Brabandere |
| 250 | |a 7th Edition | ||
| 264 | 1 | |a Cambridge |b Cambridge University Press |c 2022 | |
| 300 | |a 482 s. | ||
| 610 | 2 | 0 | |a spory súdne |
| 610 | 2 | 0 | |a právo medzinárodné |
| 610 | 2 | 0 | |a vyjednávanie |
| 610 | 2 | 0 | |a mediácia |
| 610 | 2 | 0 | |a arbitráž |
| 610 | 2 | 0 | |a súdnictvo |
| 610 | 2 | 0 | |a Organizácia spojených národov |
| 100 | 1 | |a Merrills, John | |
| 700 | 1 | |a De Brabandere, Eric | |